Представление документа в формате RUSMARC

ПолеНазваниеЗначение
  Тип записи a
  Библиографический уровень a
001 Контрольный номер RU/CBS_UL/BASE/556881973
005 Дата корректировки 20251010102709.7
100 Данные общей обработки __
a Данные общей обработки 20170824d2017 ||| 0rusy0189 ca
101 Язык документа 0_
a Язык текста rus
102 Страна публикации __
a Страна публикации RU
105 Кодированные данные (монография) __
a Кодированные данные (монография) y###||||000|y
200 Заглавие и сведения об ответственности 1_
a Заглавие Территория детства
e Сведения, относящиеся к заглавию [в Международный день дружбы на площади 100-летия со дня рождения В.И. Ленина сотрудники библиотеки № 1 организовали тематическую программу "Мы дружбой народов сильны" в рамках проекта "Территория детства"]
300 Общие примечания __
a Общие примечания Ограничения по возрасту - 0+
461 Уровень набора _0
1 2000
a Симбик
463 Уровень физической единицы _0
1 001RU/CBS_UL/BASE/556819318
1 2000
a № 8
v С. 20-21
1 210
d 2017
606 Тематические рубрики 0_
a Основная рубрика Библиотека № 1 "Мир искусств" МБУК "ЦБС" (Ульяновск, город)
610 Ключевые слова 0_
a Ключевые слова библиотеки
610 Ключевые слова 0_
a Ключевые слова городские библиотеки
610 Ключевые слова 0_
a Ключевые слова библиотеки МБУК ЦБС
610 Ключевые слова 0_
a Ключевые слова библиотека 1
610 Ключевые слова 0_
a Ключевые слова мероприятия
610 Ключевые слова 0_
a Ключевые слова библиотечные мероприятия
610 Ключевые слова 0_
a Ключевые слова проекты
610 Ключевые слова 0_
a Ключевые слова Территория детства (проекты)
686 Индексы других классификаций __
a Классификационный индекс 78.34(2)
2 Код системы ББК
801 Источник записи _0
a Страна RU
b Организация МБУК ЦБС г. Ульяновска
c Дата составления 20170824
g Правила каталогизации RCR
801 Источник записи _1
a Страна RU
b Организация МБУК ЦБС г. Ульяновска
c Дата составления 20170824
g Правила каталогизации RCR
900 Электронные ресурсы __
a Имя электронного ресурса Территория детства
901 Тип документа __
t Тип документа b
w Контрольный № источника RU/CBS_UL/BASE/556819318
910 Корректоры записи __
a Корректор записи Нецеевский
938 Служебная информация __
a Имя БД kraeved